| 000 | 01011nam a2200241Ia 4500 | ||
|---|---|---|---|
| 999 |
_c56567 _d56567 |
||
| 001 | 23681 | ||
| 003 | GE_BSU | ||
| 005 | 20260313154855.0 | ||
| 008 | 181216s2013||||ge |||||||||||||| ||geo|| | ||
| 020 | _aISSN 198712-2750 | ||
| 040 | _cGE_BSU | ||
| 041 | _ageo | ||
| 080 | _a632.9 შ-18 | ||
| 100 |
_aშაინიძე, ოთარ _927130 |
||
| 245 |
_aფიტოპათოლოგიური კვლევის შედეგები აჭარაში / _cოთარ შაინიძე ; რედ. მ. დავითაძე. |
||
| 264 |
_aთბილისი : _bპალიტრა L, _c2013. |
||
| 300 |
_a304 გვ. : _bილ. ; _c22 სმ. |
||
| 504 | _aბიბლიოგრასფია გვ. 287-294 | ||
| 541 | _h10 ლ. | ||
| 653 | _aფიტოპათოლოგიური კვლევის შედეგები აჭარაში | ||
| 700 |
_aდავითაძე, მ. _eრედაქტორი _927131 |
||
| 942 |
_cBK _2udc |
||